000 00785nac a22002171u 4500
010 _a 2004115428
020 _a0618528709
082 _a428.6
_bFLE
090 _c8151
_d8151
100 _aFlemming, Laraine.
245 1 0 _aInstructor's manual Reading for thinking /
_cLaraine Flemming; Ann Marie Radaskiewicz, contributing writer
250 _a5th ed.
260 _aBoston, MA :
_bHoughton Mifflin Co.,2006
_c2006
300 _a98 p. ;
_c23 cm.
500 _aIncludes index.
511 _acatalogued by: wessam
650 _aCollege readers
650 _aCritical thinking
_xProblems, exercises, etc.
700 _aRadaskiewicz, Ann Marie
942 _cTB
_k428.6FLE
999 _c8151
_d8151